000 00525nam a2200205Ia 4500
005 20250923145102.0
008 008 250917s9999 xx 000 0 eng d
037 _aTextual
040 _aDSWL
_beng
_cDSWL
041 _aeng
_2eng
084 _aYX,ZF, N67
_qDSWL
100 _aRoss,M.W.
_9831649
245 0 _aCommunity organisation
_cby M.W. Ross
260 _c1967
300 _axv,276 p.
365 _aUSD
_b7.25
925 _g7.25
942 _cTEXL
_hYX,ZF, N67
999 _c1446904
_d1446904